000
00298nam a22001337a 4500
008
181105b xxu||||| |||| 00| 0 eng d
020
_a
0395329442
041
_a
eng
080
_a
038
100
_a
23
101
_a
FJA
245
_a
The American Heritage Dictionary
_c
Miffin,H
942
_2
udc
_c
BK
999
_c
51832
_d
51832